Statistiken für Zitate zuordnen #2

Klicken Sie hier um das Quiz zu spielen!

Allgemein

  • Dieses Quiz wurde 194 mal gespielt
  • Das Durchschnittsergebnis liegt bei 5 aus 12

Antwortstatistiken

ZitatPerson% Korrekt
"Ich werde eine große, große Mauer an unserer südlichen Grenze bauen, und ich werde Mexiko für diese Mauer bezahlen lassen."Donald Trump
91%
"Ein kleiner Schritt für einen einen Menschen, ein großer Schritt für die Menschheit."Neill Armstrong
87%
"Ich bin ein Berliner."John F. Kennedy
84%
"Ich kam. Ich sah. Ich siegte."Gaius Julius Cäsar
83%
"Ich habe fertig."Giovanni Trapattoni
46%
"Handle nur nach derjenigen Maxime, durch die du zugleich wollen kannst, dass sie ein allgemeines Gesetz werde.“Immanuel Kant
33%
„Wir leben alle unter demselben Himmel, aber wir haben nicht alle denselben Horizont.“Konrad Adenauer
17%
"Die Geschichte lehrt die Menschen, dass die Geschichte die Menschen nichts lehrt."Mahatma Gandhi
11%
"Intelligenz ist die Fähigkeit, sich dem Wandel anzupassen."Stephen Hawking
10%
"Wir können den Wind nicht ändern, aber die Segel anders setzen.“Aristoteles
9%
"Es stört mich nicht, was meine Minister sagen, solange sie tun, was ich ihnen sage.“Margaret Thatcher
9%
"Nicht die Gewehrkugeln und Generäle machen Geschichte, sondern die Massen"Nelson Mandela
6%

Verteilung der Resultate

Perzentil nach korrekt beantworteten Fragen

Anzahl Personen mit jedem Resultat

Ihre Resultats-Entwicklung

Sie haben dieses Quiz noch nicht gespielt